Ruky idú do sveta

Slovensko ako súčasť celosvetového prúdenia kapitálu a pracovných síl. Mobilný pracovný trh v nadnárodných rozmeroch ako integrálna zložka formujúceho sa celosvetového hospodárstva. Rozsah masového úniku mozgov z Číny. Spoločné znaky Číny so Slovenskom. Funkcie, užitočnosť a limity mobility praco...

Description complète

Enregistré dans:
Détails bibliographiques
Auteur principal: Pressburg, Adrian Peter
Format: Chapitre de livre
Langue:slovaque
Sujets:
Tags: Ajouter un tag
Pas de tags, Soyez le premier à ajouter un tag!

MARC

LEADER 00000naa$a2200000$$$4500
001 0003256
005 20230920090626.1
041 0 |a slo 
044 |a SK 
245 1 0 |a Ruky idú do sveta  |c aut. Adrian Peter 
520 |a Slovensko ako súčasť celosvetového prúdenia kapitálu a pracovných síl. Mobilný pracovný trh v nadnárodných rozmeroch ako integrálna zložka formujúceho sa celosvetového hospodárstva. Rozsah masového úniku mozgov z Číny. Spoločné znaky Číny so Slovenskom. Funkcie, užitočnosť a limity mobility pracovných síl. 
610 2 0 |a mobilita sociálna 
610 2 0 |a sily pracovné 
610 2 0 |a trh práce 
610 2 0 |a pohyb síl pracovných medzinárodný 
610 2 0 |a Slovensko 
610 2 0 |a Čína 
610 2 0 |a Veľká Británia 
100 1 |a Pressburg, Adrian Peter